000 00561nam a22001817a 4500
005 20260101143442.0
008 260101b |||||||| |||| 00| 0 eng d
037 _cTB
040 _aAL
_cAL
084 _qAL
100 _aघोंघी
_9861007
245 _aमेरा मुख्य अतिथि हो जाना
260 _aनई दिल्ली, भारत:
_bपुस्तकायन ,
_c1989
300 _a128 प
365 _b30.00
_cinr
942 _2CC
_cTB
_n0
999 _c1466775
_d1466775